| 000 | 00389nam a22001577a 4500 | ||
|---|---|---|---|
| 999 |
_c845 _d845 |
||
| 008 | 191224b ||||| |||| 00| 0 eng d | ||
| 082 | 0 | 0 |
_a671 _bH6561 |
| 100 |
_9172 _aHilton, B. Richard |
||
| 245 | 1 | 0 |
_aWelding design and processes _cby B Richard Hilton |
| 250 | _a1st | ||
| 260 |
_aLondon _bChapman & hall _c1950 |
||
| 300 | _a342p. | ||
| 365 | _b19.08 | ||
| 650 | 0 | _aWelding | |
| 942 | _cBK | ||